<?xml version="1.0" encoding="UTF-8"?>
<collection xmlns="http://www.loc.gov/MARC21/slim">
 <record>
  <leader>01421pam a22002418a 4500</leader>
  <controlfield tag="001">00043447</controlfield>
  <controlfield tag="005">20181227081231.0</controlfield>
  <controlfield tag="008">110422s1999                  ||||||Viesd</controlfield>
  <datafield tag="020" ind1="#" ind2="#">
   <subfield code="a">978 604 0 10385 7</subfield>
   <subfield code="c">42000</subfield>
  </datafield>
  <datafield tag="041" ind1="0" ind2="#">
   <subfield code="a">Vie</subfield>
  </datafield>
  <datafield tag="082" ind1="1" ind2="4">
   <subfield code="a">510.7</subfield>
   <subfield code="b">Đ452M</subfield>
  </datafield>
  <datafield tag="100" ind1="0" ind2="#">
   <subfield code="a">Hoàng, Ngọc Anh</subfield>
  </datafield>
  <datafield tag="245" ind1="0" ind2="0">
   <subfield code="a">Đổi mới quá trình dạy học môn toán thông qua các chuyên đề dạy học</subfield>
   <subfield code="c">Hoàng Ngọc Anh; Nguyễn Dương Hoàng; Nguyễn Tiến Trung</subfield>
  </datafield>
  <datafield tag="260" ind1="#" ind2="#">
   <subfield code="a">Hà Nội</subfield>
   <subfield code="b">Giáo dục</subfield>
   <subfield code="c">2017</subfield>
  </datafield>
  <datafield tag="300" ind1="#" ind2="#">
   <subfield code="a">163 tr.</subfield>
   <subfield code="c">24 cm.</subfield>
  </datafield>
  <datafield tag="653" ind1="#" ind2="#">
   <subfield code="a">Toán học</subfield>
  </datafield>
  <datafield tag="653" ind1="#" ind2="#">
   <subfield code="a">chuyên đề</subfield>
  </datafield>
  <datafield tag="653" ind1="#" ind2="#">
   <subfield code="a">giáo dục</subfield>
  </datafield>
  <datafield tag="653" ind1="#" ind2="#">
   <subfield code="a">quá trình dạy học</subfield>
  </datafield>
  <datafield tag="653" ind1="#" ind2="#">
   <subfield code="a">đổi mới</subfield>
  </datafield>
  <datafield tag="852" ind1="#" ind2="#">
   <subfield code="j">KM.0027514</subfield>
   <subfield code="j">KM.0027515</subfield>
   <subfield code="j">KM.0027516</subfield>
   <subfield code="j">KM.0027517</subfield>
   <subfield code="j">KM.0027518</subfield>
   <subfield code="j">KM.0027519</subfield>
   <subfield code="j">KM.0027520</subfield>
   <subfield code="j">KM.0027521</subfield>
   <subfield code="j">KM.0027522</subfield>
   <subfield code="j">KM.0027523</subfield>
   <subfield code="j">KM.0027524</subfield>
   <subfield code="j">KM.0027525</subfield>
   <subfield code="j">KM.0027526</subfield>
   <subfield code="j">KM.0027527</subfield>
   <subfield code="j">KM.0027528</subfield>
   <subfield code="j">KM.0027529</subfield>
   <subfield code="j">KM.0027530</subfield>
   <subfield code="j">KM.0027531</subfield>
   <subfield code="j">KM.0027532</subfield>
   <subfield code="j">KM.0027533</subfield>
   <subfield code="j">KM.0027534</subfield>
   <subfield code="j">KM.0027535</subfield>
   <subfield code="j">KM.0027536</subfield>
   <subfield code="j">KM.0027537</subfield>
   <subfield code="j">KM.0027538</subfield>
   <subfield code="j">KM.0027539</subfield>
   <subfield code="j">KM.0027540</subfield>
   <subfield code="j">KM.0027541</subfield>
   <subfield code="j">KM.0027542</subfield>
   <subfield code="j">KM.0027543</subfield>
   <subfield code="j">KM.0027544</subfield>
   <subfield code="j">KM.0027545</subfield>
   <subfield code="j">KM.0027546</subfield>
   <subfield code="j">KM.0027547</subfield>
   <subfield code="j">KM.0027548</subfield>
   <subfield code="j">KM.0027549</subfield>
   <subfield code="j">KM.0027550</subfield>
   <subfield code="j">KM.0027551</subfield>
   <subfield code="j">KM.0027552</subfield>
   <subfield code="j">KM.0027553</subfield>
   <subfield code="j">KM.0027554</subfield>
   <subfield code="j">KM.0027555</subfield>
   <subfield code="j">KD.0024437</subfield>
   <subfield code="j">KM.0027557</subfield>
   <subfield code="j">KM.0027558</subfield>
   <subfield code="j">KM.0027559</subfield>
   <subfield code="j">KM.0027560</subfield>
   <subfield code="j">KM.0027561</subfield>
  </datafield>
  <datafield tag="910" ind1="#" ind2="#">
   <subfield code="d">27/12/2018</subfield>
  </datafield>
  <datafield tag="980" ind1="#" ind2="#">
   <subfield code="a">Trung tâm Học liệu Lê Vũ Hùng, Trường Đại học Đồng Tháp</subfield>
  </datafield>
 </record>
</collection>
